000 00687nam a2200301Ia 4500
005 20260401122230.0
008 008 250103s9999 xx 000 0 eng d
020 _a374223262
037 _aTB
040 _aEDL
040 _beng
040 _cEDL
041 _2eng
041 _aeng
084 _a838.912 CAN
084 _qEDL
100 _aCanetti, Elias
_91232976
245 0 _aNotes From Hampstead: Writer's Notes 1954-1971
245 0 _cCanetti, Elias
260 _aNew York
260 _bFarrar, Streux and Giroux
260 _c1994
300 _a217p
942 _cTB
942 _h838.912 CAN
999 _c1845835
_d1845835